000 00527cam a2200145 4500500
005 20260111093620.0
041 _afre
042 _adc
100 1 0 _aMiossec, Alain
_eauthor
245 0 0 _aYannick Lageat, Les variations du niveau des mers, Presses Universitaires de Bordeaux, 2019, 250 pages, 24 €
260 _c2020.
500 _a82
786 0 _nLa Géographie | 1576 | 1 | 2020-01-01 | p. 50c-52c | 1964-9002
856 4 1 _uhttps://shs.cairn.info/revue-la-geographie-2020-1-page-50c?lang=fr&redirect-ssocas=7080
999 _c1626803
_d1626803